| 000 | 01317nam a2200325 i 4500 | ||
|---|---|---|---|
| 001 | 179024 | ||
| 003 | ES-MaACL | ||
| 005 | 20250706063014.0 | ||
| 008 | 110823s2006 sp aco |||| |dspa d | ||
| 020 | _a84-8472-278-3 | ||
| 080 | _a308-054.72(=1.460:729.3) | ||
| 080 | _a929-054.72(=1.460:729.3):008 | ||
| 100 | 1 |
_aLlorens, Vicente, _d1906-1979 _972884 |
|
| 245 | 1 | 0 |
_aMemorias de una emigración _b: Santo Domingo, 1939-1945 / _cVicente Llorens ; edición, estudio introductorio y notas de Manuel Aznar Soler. |
| 260 |
_aSevilla : _bRenacimiento, _c2006. |
||
| 300 |
_a343 p. : _bil., retr. ; _c22 cm. |
||
| 490 | 1 |
_aBiblioteca del exilio ; _v27 |
|
| 500 | _aÍndice onomástico. | ||
| 504 | _aBibliografía: p. 63-74, 333-342. | ||
| 650 | 7 |
_aEspañoles- _zRepública Dominicana. _9147687 |
|
| 651 | 7 |
_aEspaña- _xHistoria- _y1936-1939, Guerra civil- _xRefugiados _2 _9147688 |
|
| 651 | 7 |
_aRepública Dominicana- _xHistoria- _y1930-1961. _9155367 |
|
| 700 | 1 |
_aAznar Soler, Manuel. _924318 |
|
| 710 | 2 |
_aBiblioteca Valenciana. _9139003 |
|
| 830 | 0 |
_aBiblioteca del exilio ; _v27 _9180374 |
|
| 852 |
_aES-MaACL _jA-11404 _9185893 _bR.145758 _cDEPO1 _dOlim: N-4408 _xDonación: José Esteban |
||
| 903 |
_aEsteban, José, _d1935- _ednr _948033 |
||
| 942 |
_2udc _cMONOGRAFIA |
||
| 999 |
_c179024 _d179024 |
||